Geography Quiz

Random Geography or City Quiz

20 Most Visited US Cities Quiz Stats

Quiz Updated Apr 18, 2015

Challenge
Share
Tweet
Embed
Score 0/20 Timer 02:00
2 Plays Today
Rank City % Correct
1New York City
99.5%
2Los Angeles
95.7%
3Miami
89.7%
10Chicago
88.4%
5San Francisco
87.2%
9Boston
82.9%
18 (tie)Dallas
80.4%
15Seattle
77.6%
7Washington, DC
76.8%
16Houston
74.8%
Rank City % Correct
4Orlando
73.1%
11San Diego
71.8%
6Las Vegas
66.1%
13Philadelphia
65.9%
12Atlanta
60%
18 (tie)Tampa-St. Petersburg
37.2%
8Honolulu
35.6%
20San Jose
21.4%
17Anaheim-Santa Ana
17.5%
14Flagstaff-Grand Canyon-Sedona
4%

You're not logged in!

Compare scores with friends on all Sporcle quizzes.
Join for Free
OR
Log In

You Might Also Like...

Show Comments

Extras

Top Quizzes Today


Score Distribution

Your Account Isn't Verified!

In order to create a playlist on Sporcle, you need to verify the email address you used during registration. Go to your Sporcle Settings to finish the process.

Report this User

Report this user for behavior that violates our Community Guidelines.

Details: